000 00357nam a2200133Ia 4500
008 220217s9999||||xx |||||||||||||| ||und||
020 _a9788131524220
082 _a620.1 STA
100 _aStansic, Michael, M
245 0 _aMechanisms and machines
260 _aCengage learning
_bNew Delhi
_c2017
300 _aXVIII, 407p.
_b465
650 _aMachine
999 _c187269
_d187269